000 02245nam0a2200325 4500
001 RU\NLR\BIBL_A\022640841
005 20251211114118.0
010 _a978-5-9273-4192-4
_950
021 _aRU
_bКН-П-25-051024
_9КН-П-25-4936
035 _a(NLR Aleph) 022640841
090 _a13497725
_c13497725
100 _a20251009d2025 u y0rusy50 ca
101 0 _arus
102 _aRU
105 _ay j 000yy
181 0 _ai
_baxxe
182 0 _an
200 1 _aМеханизм государственного управления экономикой региона
_eучебное пособие
_eдля бакалавров и магистрантов направления "Государственное и муниципальное управление", изучающих дисциплины "Основы государственного и муниципального управления", "Теория и механизмы современного государственного управления", "Государственное регулирование экономики"
_fИ. Е. Рисин, А. С. Чичерина
_gМинистерство науки и высшего образования РФ, Федеральное государственное бюджетное образовательное учреждение высшего образования "Воронежский государственный университет"
203 _aТекст
_bвизуальный
_cнепосредственный
210 _aВоронеж
_cИздательский дом ВГУ
_d2025
215 _a69 с.
_d20
320 _aБиблиогр.: с. 65–69
606 1 _aРегиональное управление
_yРоссийская Федерация
_jУчебные издания для высших учебных заведений
_2nlr_sh1
_2nlr_sh2
_3RU\NLR\AUTH\661254772
686 1 _aУ21(2)9(2Р)я73
700 1 _aРисин
_bИ. Е.
_gИгорь Ефимович
701 1 _aЧичерина
_bА. С.
_gАнастасия Сергеевна
942 _cBOOK
980 _aNB